Learning outcomes (Record no. 77990)

MARC details
000 -LEADER
fixed length control field 00704cab a2200193 4500
001 - CONTROL NUMBER
control field L135785
008 - FIXED-LENGTH DATA ELEMENTS--GENERAL INFORMATION
fixed length control field 061211n2006 000 0 eng u
035 ## - SYSTEM CONTROL NUMBER
System control number (Sirsi) u135785
041 0# - LANGUAGE CODE
Language code of text/sound track or separate title eng
100 1# - MAIN ENTRY--PERSONAL NAME
Personal name Blyth, Alistair
245 00 - TITLE STATEMENT
Title Learning outcomes
260 ## - PUBLICATION, DISTRIBUTION, ETC.
Date of publication, distribution, etc. 2006
490 #0 - SERIES STATEMENT
Series statement Premises and Facilities Management
Volume/sequential designation October 2006, 19-20(2)
520 ## - SUMMARY, ETC.
Summary, etc. Provides a post evaluation occupancy strategy for facilities management. Discusses the need for the planning of a post occupancy evaluation at the beginning of a project, and for identifying the benchmarks that should be used.
590 ## - LOCAL NOTE (RLIN)
Local note KA
651 #4 - SUBJECT ADDED ENTRY--GEOGRAPHIC NAME
Geographic name United Kingdom
Chronological subdivision
690 ## - LOCAL SUBJECT ADDED ENTRY--TOPICAL TERM (OCLC, RLIN)
Topical term or geographic name as entry element MANAGEMENT-FACILITIES MANAGEMENT
942 ## - ADDED ENTRY ELEMENTS (KOHA)
Suppress in OPAC 0
Holdings
Withdrawn status Lost status Source of classification or shelving scheme Damaged status Not for loan Home library Current library Shelving location Date acquired Total Checkouts Full call number Barcode Date last seen Copy number Price effective from Koha item type
    Dewey Decimal Classification     London London Journal article 12/12/2006   L135785 135785-1001 06/08/2019 1 06/08/2019 Journal article